Cómo organizar y manejar cooperativas
Bewaard in:
| Hoofdauteur: | |
|---|---|
| Formaat: | Texto |
| Gepubliceerd in: |
Mérida:
Actual
|
| Tags: |
Voeg label toe
Geen labels, Wees de eerste die dit record labelt!
|
MARC
| LEADER | 00000 a a2200000 04500 | ||
|---|---|---|---|
| 001 | 24195 | ||
| 003 | |||
| 040 | |a CRAI/IIS |c CRAI/IIS | ||
| 020 | |a 980-221-081-1 | ||
| 090 | |a 165400 | ||
| 100 | |a García Müller, Alberto | ||
| 245 | |a Cómo organizar y manejar cooperativas | ||
| 260 | |a Mérida: |b Actual | ||
| 300 | |a 168 p. |b il. | ||
| 999 | |c 2083 |d 2083 | ||



